Quiz sulla Calabria - Statistics

Statistiche generali
  • Questo quiz è stato fatto 1.733 volte
    1.716 dall'ultimo reset
  • Il punteggio medio è 17 su 24
Statistiche sulle risposte
Definizioni Risposte % Corretto
Capoluogo di Regione Catanzaro
97%
Reggio Calabria
97%
Regione confinante Basilicata
95%
Mare che bagna la Regione Mar Ionio
95%
Stretto di mare che separa la Calabria dalla Sicilia Stretto di {Messina}
95%
Mare che bagna la Regione Mar Tirreno
93%
Altra Provincia Cosenza
88%
Crotone
87%
Località famosa per il ritrovamento di due statue bronzee risalenti al 430 a.C. Riace
84%
Località nota per una varietà di cipolla rossa Tropea
84%
Vibo Valentia
80%
Insaccato spalmabile tipico della Calabria 'Nduja
77%
Matematico della formula a² + b² = c² che in Calabria fondò la sua scuola Pitagora
72%
Anticamente in questo Stretto si diceva che vivano questi mostri che inghiottivano le navi di passaggio Scilla | Cariddi
62%
Vasto altopiano nel nord della Regione Sila
60%
Qui, durante le guerre Risorgimentali, fu ferito questo condottiero Giuseppe Garibaldi
59%
Cantautore calabrese autore di "Gianna", "Aida" e "Il cielo è sempre più blu" Rino Gaetano
58%
Cittadina dove si trova l'aeroporto più importante della Calabria Lamezia Terme
53%
Numerose città della Calabria e del sud Italia appartenevano a questo antico sistema coloniale Magna Grecia
53%
Massiccio montuoso della Calabria meridionale Aspromonte
44%
Cittadina dove si trova il porto più grande d'Italia Gioia Tauro
39%
Termine che anticamente indicava solo la Calabria ma che poi si estese indicando un territorio molto più ampio (aiuto: è più facile di quel che sembra) Italia
35%
Cittadina da cui partono principalmente i traghetti per la Sicilia Villa San Giovanni
35%
Fiume più lungo che attraversa la Regione Crati
15%
Nessun quiz corrispondente trovato
Distribuzione punteggi
Percentuale di utenti per punteggio
Percentile per numero di risposta
I tuoi punteggi nel tempo
Non hai fatto questo quiz dall'ultimo reset